Recent developments in electroststic test equipment for evaluating rubber and associated materials: Electrostatic probe for banbury mixer (Record no. 66437)

MARC details
000 -LEADER
fixed length control field 00455nam a2200145Ia 4500
100 ## - MAIN ENTRY--AUTHOR NAME
Personal name Havenhill R S
245 #0 - TITLE STATEMENT
Title Recent developments in electroststic test equipment for evaluating rubber and associated materials: Electrostatic probe for banbury mixer
260 ## - PUBLICATION, DISTRIBUTION, ETC. (IMPRINT)
Name of publisher IRI Transactions
Year of publication 1951
300 ## - PHYSICAL DESCRIPTION
Number of Pages 339-363
700 ## - ADDED ENTRY--PERSONAL NAME
Personal name Carlson L E
700 ## - ADDED ENTRY--PERSONAL NAME
Personal name Emery H F
700 ## - ADDED ENTRY--PERSONAL NAME
Personal name Rankin J J
942 ## - ADDED ENTRY ELEMENTS (KOHA)
Koha item type Journals
Holdings
Withdrawn status Lost status Damaged status Not for loan Home library Current library Shelving location Date acquired Serial Enumeration / chronology Koha item type
      Journals RRII Library RRII Library Rubber chemistry 17/12/2021 Volume 27, Issue 6 Journals